Eltemették Gaál Endrét [részletes hír]
Elmentve itt :
| Dokumentumtípus: | Cikk |
|---|---|
| Megjelent: |
1934-10-11
|
| Sorozat: | Délmagyarország
10 No. 229 |
| Kulcsszavak: | Gaál Endre, Gyászjelentés Szeged 1934 |
| Online Access: | http://dmarchiv.bibl.u-szeged.hu/39832 |
| LEADER | 00443nab a2200145 i 4500 | ||
|---|---|---|---|
| 001 | delm39832 | ||
| 005 | 20180927130038.0 | ||
| 008 | 180927s1934 hu o 0|| hun d | ||
| 040 | |a SZTE Délmagyarország Archívum |b hun | ||
| 041 | |a hun | ||
| 245 | 0 | 0 | |a Eltemették Gaál Endrét |h [elektronikus dokumentum] : |b [részletes hír] |
| 260 | |c 1934-10-11 | ||
| 300 | |a 5 | ||
| 490 | 0 | |a Délmagyarország |v 10 No. 229 | |
| 695 | |a Gaál Endre, Gyászjelentés Szeged 1934 | ||